[Event "Bundesliga 9697"]
[Site "Deutschland"]
[Date "1997.??.??"]
[Round "?.3"]
[White "Mueller, Karsten"]
[Black "Knaak, Rainer"]
[Result "0-1"]
[WhiteElo "2500"]
[BlackElo "2540"]
[PlyCount "104"]
[EventDate "1996.10.??"]
[EventType "team"]
[EventRounds "15"]
[EventCountry "GER"]
[SourceTitle "Bundesliga 9697"]
[Source "DeepChess"]
[SourceDate "2005.01.01"]
[SourceVersion "1"]
[SourceVersionDate "2005.01.01"]
[SourceQuality "1"]
[WhiteTeam "Hamburger SK 1830 e.V."]
[BlackTeam "SAbt SV Werder Bremen"]
[WhiteTeamCountry "GER"]
[BlackTeamCountry "GER"]

1. e4 e6 2. d4 d5 3. Nc3 Bb4 4. e5 c5 5. a3 Bxc3+ 6. bxc3 Ne7 7. Nf3 Qc7 8. a4
h6 9. Be2 b6 10. a5 Ba6 11. O-O O-O 12. Bxa6 Nxa6 13. Qe2 Qb7 14. Ba3 Rfb8 15.
Rfb1 Qc8 16. Rb5 Nc6 17. dxc5 bxc5 18. c4 dxc4 19. Qxc4 Rxb5 20. Qxb5 Rb8 21.
Qe2 Qb7 22. Bc1 Qb5 23. Qe4 c4 24. Bf4 Nc5 25. Qe3 Ne7 26. Qa3 Nd5 27. Bd2 Ne4
28. Be3 a6 29. h3 c3 30. Bd4 Qe2 31. Qa4 Nd2 32. Ne1 Rb4 33. Qe8+ Kh7 34. Bc5
Qf1+ 35. Kh2 Rc4 36. Qf8 Rf4 37. Rc1 Rxf2 38. Bxf2 Qxf2 39. Nd3 Nf3+ 40. Kh1
Qg3 41. gxf3 Ne3 42. Nf4 Qxf3+ 43. Kg1 Qxf4 44. Qa8 Qg3+ 45. Kh1 Qxh3+ 46. Kg1
Qg3+ 47. Kh1 Qh4+ 48. Kg1 Qg5+ 49. Kh1 Ng4 50. Qe4+ g6 51. Qe1 Qd2 52. Kg1 Ne3
0-1

[Event "Bundesliga 9697"]
[Site "Deutschland"]
[Date "1997.??.??"]
[Round "?.5"]
[White "Michaelsen, Nils"]
[Black "Meins, Gerlef"]
[Result "0-1"]
[WhiteElo "2440"]
[BlackElo "2465"]
[PlyCount "104"]
[EventDate "1996.10.??"]
[EventType "team"]
[EventRounds "15"]
[EventCountry "GER"]
[SourceTitle "Bundesliga 9697"]
[Source "DeepChess"]
[SourceDate "2005.01.01"]
[SourceVersion "1"]
[SourceVersionDate "2005.01.01"]
[SourceQuality "1"]
[WhiteTeam "Hamburger SK 1830 e.V."]
[BlackTeam "SAbt SV Werder Bremen"]
[WhiteTeamCountry "GER"]
[BlackTeamCountry "GER"]

1. d4 d5 2. c4 dxc4 3. e4 e5 4. Nf3 exd4 5. Bxc4 Bb4+ 6. Bd2 Bxd2+ 7. Nbxd2 Nc6
8. O-O Qf6 9. b4 a6 10. a4 Nge7 11. b5 Na5 12. Bd3 O-O 13. Qc2 Qb6 14. Rfc1 c6
15. bxa6 bxa6 16. Rab1 Qa7 17. Ne5 Rd8 18. Ndf3 h6 19. Qc5 Qxc5 20. Rxc5 Nb7
21. Rcc1 c5 22. Rb6 a5 23. h3 Ra7 24. Nc4 Be6 25. Na3 Nc8 26. Rbb1 Bd7 27. Ne5
Bxa4 28. Bb5 Bxb5 29. Nxb5 Ra6 30. Nc7 Rb6 31. Rxb6 Nxb6 32. Rb1 Rd6 33. f4 f6
34. Nf3 Rc6 35. Nb5 Nd8 36. e5 Nd5 37. Nd6 Rb6 38. Ra1 Ra6 39. Rb1 Rb6 40. Ra1
Nc6 41. exf6 Nxf6 42. Nc4 Ra6 43. g4 Nd5 44. f5 a4 45. Kf2 Nc3 46. h4 Nb5 47.
Nfd2 Nb4 48. Kf3 a3 49. Nb3 a2 50. Re1 Na3 51. Ncd2 c4 52. Na1 Nbc2 0-1

[Event "Bundesliga 9697"]
[Site "Deutschland"]
[Date "1997.??.??"]
[Round "?.6"]
[White "Heissler, Jakob"]
[Black "Heinemann, Thies"]
[Result "1/2-1/2"]
[WhiteElo "2430"]
[BlackElo "2425"]
[PlyCount "62"]
[EventDate "1996.10.??"]
[EventType "team"]
[EventRounds "15"]
[EventCountry "GER"]
[SourceTitle "Bundesliga 9697"]
[Source "DeepChess"]
[SourceDate "2005.01.01"]
[SourceVersion "1"]
[SourceVersionDate "2005.01.01"]
[SourceQuality "1"]
[WhiteTeam "SAbt SV Werder Bremen"]
[BlackTeam "Hamburger SK 1830 e.V."]
[WhiteTeamCountry "GER"]
[BlackTeamCountry "GER"]

1. e4 c5 2. Nf3 d6 3. d4 cxd4 4. Nxd4 Nf6 5. Nc3 a6 6. Be3 e5 7. Nb3 Be6 8. f3
Be7 9. Qd2 O-O 10. O-O-O b5 11. g4 b4 12. Nd5 Bxd5 13. exd5 a5 14. Nc5 Nbd7 15.
Na4 Qc7 16. g5 Nh5 17. Rg1 Rfd8 18. Kb1 Nc5 19. Bb5 g6 20. Bc6 Ra6 21. Nxc5
dxc5 22. Qe2 Ra7 23. Qc4 Qd6 24. h4 a4 25. Rge1 Bf8 26. Bf2 a3 27. b3 Rc8 28.
Qe4 Bg7 29. Qc4 Bf8 30. Qe4 Bg7 31. Qc4 Bf8 1/2-1/2

[Event "Bundesliga 9697"]
[Site "Deutschland"]
[Date "1997.??.??"]
[Round "?.8"]
[White "Meyer, Claus Dieter"]
[Black "Gustafsson, Jan"]
[Result "0-1"]
[WhiteElo "2320"]
[BlackElo "2355"]
[PlyCount "82"]
[EventDate "1996.10.??"]
[EventType "team"]
[EventRounds "15"]
[EventCountry "GER"]
[SourceTitle "Bundesliga 9697"]
[Source "DeepChess"]
[SourceDate "2005.01.01"]
[SourceVersion "1"]
[SourceVersionDate "2005.01.01"]
[SourceQuality "1"]
[WhiteTeam "SAbt SV Werder Bremen"]
[BlackTeam "Hamburger SK 1830 e.V."]
[WhiteTeamCountry "GER"]
[BlackTeamCountry "GER"]

1. Nf3 c5 2. g3 Nc6 3. Bg2 g6 4. O-O Bg7 5. d3 d6 6. e4 Nf6 7. Nbd2 O-O 8. a4
Rb8 9. Nc4 Ne8 10. c3 Nc7 11. h3 b6 12. Re1 e5 13. Bg5 f6 14. Be3 Be6 15. Na3
d5 16. Nb5 Rc8 17. Nxc7 Rxc7 18. Kh2 d4 19. cxd4 cxd4 20. Bd2 Qd6 21. Rf1 Rfc8
22. Ne1 Nb4 23. Rc1 Rxc1 24. Bxc1 Qc6 25. Bd2 Nc2 26. a5 Nxe1 27. Bxe1 Qc2 28.
Qxc2 Rxc2 29. axb6 axb6 30. b4 Bd7 31. f4 Bb5 32. Rf3 Rc1 33. Bd2 Rc2 34. Be1
Rc1 35. Bd2 Rd1 36. Rf2 Bxd3 37. fxe5 fxe5 38. Bg5 Re1 39. Rd2 h6 40. Bd8 b5
41. Bf3 Bxe4 0-1

[Event "Bundesliga 9697"]
[Site "Deutschland"]
[Date "1997.??.??"]
[Round "?.1"]
[White "Wahls, Matthias"]
[Black "Dautov, Rustem"]
[Result "1/2-1/2"]
[WhiteElo "2605"]
[BlackElo "2590"]
[PlyCount "45"]
[EventDate "1996.10.??"]
[EventType "team"]
[EventRounds "15"]
[EventCountry "GER"]
[SourceTitle "Bundesliga 9697"]
[Source "DeepChess"]
[SourceDate "2005.01.01"]
[SourceVersion "1"]
[SourceVersionDate "2005.01.01"]
[SourceQuality "1"]
[WhiteTeam "Hamburger SK 1830 e.V."]
[BlackTeam "SC Anderssen St.Ingbert 1920 e.V."]
[WhiteTeamCountry "GER"]
[BlackTeamCountry "GER"]

1. e4 c6 2. d4 d5 3. exd5 cxd5 4. c4 Nf6 5. Nc3 e6 6. Nf3 Bb4 7. cxd5 Nxd5 8.
Qc2 Nc6 9. Bd3 Ba5 10. a3 Nxc3 11. bxc3 Nxd4 12. Nxd4 Qxd4 13. Bb5+ Bd7 14. O-O
Qd5 15. c4 Qf5 16. Bxd7+ Kxd7 17. Qa4+ Ke7 18. c5 b6 19. Bf4 e5 20. Be3 Rac8
21. Rab1 Qe6 22. Rfd1 Rhd8 23. Qh4+ 1/2-1/2

[Event "Bundesliga 9697"]
[Site "Deutschland"]
[Date "1997.??.??"]
[Round "?.3"]
[White "Mueller, Karsten"]
[Black "Kohlweyer, Bernd"]
[Result "1-0"]
[WhiteElo "2500"]
[BlackElo "2420"]
[PlyCount "109"]
[EventDate "1996.10.??"]
[EventType "team"]
[EventRounds "15"]
[EventCountry "GER"]
[SourceTitle "Bundesliga 9697"]
[Source "DeepChess"]
[SourceDate "2005.01.01"]
[SourceVersion "1"]
[SourceVersionDate "2005.01.01"]
[SourceQuality "1"]
[WhiteTeam "Hamburger SK 1830 e.V."]
[BlackTeam "SC Anderssen St.Ingbert 1920 e.V."]
[WhiteTeamCountry "GER"]
[BlackTeamCountry "GER"]

1. e4 c5 2. Nf3 e6 3. d4 cxd4 4. Nxd4 Nf6 5. Nc3 d6 6. Bc4 Nc6 7. Be3 a6 8. Bb3
Na5 9. O-O b5 10. f3 Nxb3 11. Nxb3 Be7 12. Qd4 O-O 13. Rfd1 Bd7 14. a4 e5 15.
Qd2 b4 16. Ne2 a5 17. Ng3 Qc7 18. Qf2 Ra6 19. Rd2 g6 20. Nf1 Kg7 21. Qh4 Ng8
22. Qe1 h6 23. Bf2 Bg5 24. Re2 h5 25. Be3 Bxe3+ 26. Nxe3 Nf6 27. Qh4 Be6 28.
Rd1 Qc6 29. Red2 Rd8 30. Kh1 Rd7 31. Nc1 Qxa4 32. Ne2 Qb5 33. Ng3 Nh7 34. b3
Qc5 35. Nef5+ Kh8 36. f4 f6 37. fxe5 fxe5 38. Ne7 Kg7 39. Rf1 Qe3 40. Nxg6 Qxd2
41. Nf8 Raa7 42. Nxe6+ Kg8 43. Qxh5 Re7 44. Qg4+ Kh8 45. Nf8 Rg7 46. Ng6+ Rxg6
47. Qxg6 Rg7 48. Qe6 a4 49. bxa4 Qxc2 50. Qxd6 b3 51. Qb8+ Rg8 52. Qxe5+ Rg7
53. Rf7 Qc1+ 54. Nf1 Qg5 55. Qxg7+ 1-0

[Event "Bundesliga 9697"]
[Site "Deutschland"]
[Date "1997.??.??"]
[Round "?.4"]
[White "Kachiani Gersinska, Ketino"]
[Black "Movsziszian, Karen"]
[Result "0-1"]
[WhiteElo "2375"]
[BlackElo "2490"]
[PlyCount "66"]
[EventDate "1996.10.??"]
[EventType "team"]
[EventRounds "15"]
[EventCountry "GER"]
[SourceTitle "Bundesliga 9697"]
[Source "DeepChess"]
[SourceDate "2005.01.01"]
[SourceVersion "1"]
[SourceVersionDate "2005.01.01"]
[SourceQuality "1"]
[WhiteTeam "SC Anderssen St.Ingbert 1920 e.V."]
[BlackTeam "Hamburger SK 1830 e.V."]
[WhiteTeamCountry "GER"]
[BlackTeamCountry "GER"]

1. d4 g6 2. c4 Bg7 3. e4 d6 4. Nc3 c6 5. Be3 Nf6 6. Be2 O-O 7. h4 h5 8. f3 a6
9. Nh3 b5 10. Nf2 bxc4 11. Bxc4 Nbd7 12. O-O a5 13. Qc2 d5 14. Bd3 e5 15. exd5
cxd5 16. Rfe1 Bb7 17. Qb3 Bc6 18. Rad1 Rb8 19. Qc2 Nh7 20. dxe5 Nxe5 21. Bf4
Qd6 22. Bh2 Rfe8 23. Be4 d4 24. Nd3 dxc3 25. Bxc6 Qxc6 26. Nxe5 Qc5+ 27. Qf2
Qxf2+ 28. Kxf2 Rxb2+ 29. Kf1 c2 30. Rc1 Bh6 31. f4 Rxa2 32. Nd3 Rd8 33. Ke2 Nf6
0-1

[Event "Bundesliga 9697"]
[Site "Deutschland"]
[Date "1997.??.??"]
[Round "?.5"]
[White "Michaelsen, Nils"]
[Black "Werner, Dimo"]
[Result "0-1"]
[WhiteElo "2440"]
[BlackElo "2385"]
[PlyCount "68"]
[EventDate "1996.10.??"]
[EventType "team"]
[EventRounds "15"]
[EventCountry "GER"]
[SourceTitle "Bundesliga 9697"]
[Source "DeepChess"]
[SourceDate "2005.01.01"]
[SourceVersion "1"]
[SourceVersionDate "2005.01.01"]
[SourceQuality "1"]
[WhiteTeam "Hamburger SK 1830 e.V."]
[BlackTeam "SC Anderssen St.Ingbert 1920 e.V."]
[WhiteTeamCountry "GER"]
[BlackTeamCountry "GER"]

1. d4 Nf6 2. c4 g6 3. Nc3 Bg7 4. e4 O-O 5. f4 d6 6. Nf3 Na6 7. Be2 e5 8. fxe5
dxe5 9. d5 Nc5 10. Bg5 a5 11. Nd2 h6 12. Bh4 b6 13. O-O g5 14. Bf2 Ne8 15. Bxc5
bxc5 16. Bg4 Nd6 17. Bxc8 Qxc8 18. Qe2 a4 19. b3 axb3 20. Nxb3 Qb7 21. Rac1 Ra3
22. Nb5 Nxb5 23. cxb5 Qa7 24. Rf2 f5 25. Nxc5 fxe4 26. Nxe4 Rf4 27. Re1 Qd4 28.
g3 Rff3 29. Qd1 Rfe3 30. Qb1 Rxe1+ 31. Qxe1 Re3 32. Qd2 Qxe4 33. h3 Re1+ 34.
Rf1 Re2 0-1

[Event "Bundesliga 9697"]
[Site "Deutschland"]
[Date "1997.??.??"]
[Round "?.6"]
[White "Gross, Georg"]
[Black "Loeffler, Stefan"]
[Result "1-0"]
[WhiteElo "2340"]
[BlackElo "2410"]
[PlyCount "72"]
[EventDate "1996.10.??"]
[EventType "team"]
[EventRounds "15"]
[EventCountry "GER"]
[SourceTitle "Bundesliga 9697"]
[Source "DeepChess"]
[SourceDate "2005.01.01"]
[SourceVersion "1"]
[SourceVersionDate "2005.01.01"]
[SourceQuality "1"]
[WhiteTeam "SC Anderssen St.Ingbert 1920 e.V."]
[BlackTeam "Hamburger SK 1830 e.V."]
[WhiteTeamCountry "GER"]
[BlackTeamCountry "GER"]

1. d4 d5 2. Nf3 e6 3. g3 c5 4. Bg2 cxd4 5. O-O Nf6 6. Nxd4 e5 7. Nb3 Be6 8. Bg5
Nbd7 9. e4 dxe4 10. N1d2 Be7 11. Nxe4 Nxe4 12. Bxe7 Qxe7 13. Bxe4 Rb8 14. Qd3
h5 15. Qe3 b6 16. f4 h4 17. fxe5 hxg3 18. hxg3 Nxe5 19. Nd4 Rh5 20. Rae1 Kf8
21. Bf3 Rg5 22. Nxe6+ Qxe6 23. Bg2 Qg6 24. Rf2 Kg8 25. Qf4 Re8 26. Kf1 Re6 27.
Be4 Qh5 28. Kg2 Rh6 29. Kf1 Rf6 30. Qh4 Ng4 31. Qxh5 Rxf2+ 32. Kg1 Rxh5 33. Bd3
g6 34. Re4 f5 35. Rxg4 fxg4 36. Kxf2 Kf7 $138 1-0

[Event "Bundesliga 9697"]
[Site "Deutschland"]
[Date "1997.??.??"]
[Round "?.7"]
[White "Heinemann, Thies"]
[Black "Becker, Marc"]
[Result "1/2-1/2"]
[WhiteElo "2425"]
[BlackElo "2415"]
[PlyCount "128"]
[EventDate "1996.10.??"]
[EventType "team"]
[EventRounds "15"]
[EventCountry "GER"]
[SourceTitle "Bundesliga 9697"]
[Source "DeepChess"]
[SourceDate "2005.01.01"]
[SourceVersion "1"]
[SourceVersionDate "2005.01.01"]
[SourceQuality "1"]
[WhiteTeam "Hamburger SK 1830 e.V."]
[BlackTeam "SC Anderssen St.Ingbert 1920 e.V."]
[WhiteTeamCountry "GER"]
[BlackTeamCountry "GER"]

1. e4 e5 2. Nf3 Nc6 3. Nc3 Nf6 4. d4 exd4 5. Nxd4 Bb4 6. Nxc6 bxc6 7. Bd3 d5 8.
exd5 Qe7+ 9. Qe2 cxd5 10. Qxe7+ Kxe7 11. O-O c6 12. Na4 Be6 13. Be3 Nd7 14. Ba6
Rab8 15. Rac1 Bd6 16. c4 Rb4 17. b3 dxc4 18. Bd2 Rb5 19. Bxb5 cxb5 20. Nc3 cxb3
21. axb3 Nc5 22. Nxb5 Nxb3 23. Bg5+ f6 24. Rc6 fxg5 25. Rxd6 Rb8 26. Re1 Nc5
27. Re5 a6 28. Rc6 axb5 29. Rcxc5 Rd8 30. h3 Rd1+ 31. Kh2 b4 32. Rb5 Kf6 33.
Re3 b3 34. Rb6 Kf7 35. Rb7+ Kf6 36. Rb6 Kf7 37. Re5 h6 38. Kg3 Bd5 39. f3 Rd2
40. Re1 h5 41. Re5 h4+ 42. Kh2 b2 43. Rf5+ Kg8 44. Rxb2 Rxb2 45. Rxd5 Kf7 46.
Rxg5 Kf6 47. f4 Rb4 48. Rg4 Kf5 49. Rg5+ Kf6 50. Rg4 Kf5 51. Rxh4 g5 52. Rh5
Kxf4 53. Rh6 Kf5 54. Rd6 Rb2 55. Kg3 Rb3+ 56. Kf2 Rb2+ 57. Kf3 Rb3+ 58. Ke2
Rb2+ 59. Rd2 Rxd2+ 60. Kxd2 Kf4 61. Ke2 Kg3 62. Kf1 g4 63. Ke2 gxh3 64. gxh3
Kxh3 1/2-1/2

[Event "Bundesliga 9697"]
[Site "Deutschland"]
[Date "1997.??.??"]
[Round "?.8"]
[White "Kummerow, Heiko"]
[Black "Sievers, Stefan"]
[Result "0-1"]
[WhiteElo "2280"]
[BlackElo "2375"]
[PlyCount "84"]
[EventDate "1996.10.??"]
[EventType "team"]
[EventRounds "15"]
[EventCountry "GER"]
[SourceTitle "Bundesliga 9697"]
[Source "DeepChess"]
[SourceDate "2005.01.01"]
[SourceVersion "1"]
[SourceVersionDate "2005.01.01"]
[SourceQuality "1"]
[WhiteTeam "SC Anderssen St.Ingbert 1920 e.V."]
[BlackTeam "Hamburger SK 1830 e.V."]
[WhiteTeamCountry "GER"]
[BlackTeamCountry "GER"]

1. e4 c5 2. Nf3 d6 3. d4 cxd4 4. Nxd4 Nf6 5. Nc3 g6 6. Be3 Bg7 7. f3 Nc6 8. Qd2
O-O 9. O-O-O Nxd4 10. Bxd4 Be6 11. Kb1 Qc7 12. h4 Rfc8 13. h5 Qa5 14. a3 Nxh5
15. Bxg7 Kxg7 16. g4 Rxc3 17. Qxc3+ Qxc3 18. bxc3 Nf4 19. g5 Nh5 20. Rh4 Rc8
21. Kb2 f6 22. gxf6+ Nxf6 23. Bd3 Rc5 24. f4 Bg4 25. Re1 h5 26. Rh2 Kh6 27. Rf1
g5 28. f5 Re5 29. Kc1 h4 30. Kd2 Kh5 31. c4 h3 32. Ke3 Kh4 33. Rff2 Bxf5 34.
Rxf5 Ng4+ 35. Ke2 Nxh2 36. Rf8 g4 37. Kf2 g3+ 38. Kg1 Ng4 39. Be2 g2 40. Rf4
Rg5 41. Bd1 e5 42. Rf8 Nh6 0-1

[Event "Bundesliga 9697"]
[Site "Deutschland"]
[Date "1997.??.??"]
[Round "?.1"]
[White "Gyimesi, Zoltan"]
[Black "Wahls, Matthias"]
[Result "1/2-1/2"]
[WhiteElo "2500"]
[BlackElo "2605"]
[PlyCount "137"]
[EventDate "1996.10.??"]
[EventType "team"]
[EventRounds "15"]
[EventCountry "GER"]
[SourceTitle "Bundesliga 9697"]
[Source "DeepChess"]
[SourceDate "2005.01.01"]
[SourceVersion "1"]
[SourceVersionDate "2005.01.01"]
[SourceQuality "1"]
[WhiteTeam "SC Eppingen e.V."]
[BlackTeam "Hamburger SK 1830 e.V."]
[WhiteTeamCountry "GER"]
[BlackTeamCountry "GER"]

1. d4 Nf6 2. c4 e6 3. Nf3 Bb4+ 4. Bd2 Qe7 5. g3 Nc6 6. Nc3 Bxc3 7. Bxc3 Ne4 8.
Qc2 Nxc3 9. Qxc3 O-O 10. Bg2 d6 11. d5 Nd8 12. O-O e5 13. e4 c5 14. dxc6 Nxc6
15. h3 Be6 16. Rfd1 Rfd8 17. Rd2 Qc7 18. Rad1 Rd7 19. Bf1 Rad8 20. Qa3 f6 21.
b3 Qa5 22. Qxa5 Nxa5 23. Ne1 Nc6 24. Nc2 Kf8 25. Be2 g6 26. Kg2 Ke7 27. Ne3 Nd4
28. Nc2 Nxc2 29. Rxc2 Rc7 30. Rcd2 a5 31. Bg4 Bf7 32. a4 Be8 33. f4 exf4 34.
gxf4 Rc5 35. Bf3 Bc6 36. Kf2 g5 37. Rg1 Rf8 38. Rgd1 gxf4 39. Rxd6 h5 40. R6d4
Rg8 41. h4 Re5 42. R1d3 Rg3 43. Bg2 Rg4 44. Bh3 Rxh4 45. Bf5 Rg4 46. Rh3 Rg5
47. Rh4 Rexf5 48. exf5 f3 49. Rh2 Rxf5 50. Rdh4 Re5 51. Rxh5 f5 52. Rh7+ Kd6
53. R2h6+ Kc5 54. Rxc6+ Kxc6 55. Kxf3 Re1 56. Rf7 Rb1 57. Rf6+ Kc7 58. Rxf5
Rxb3+ 59. Ke4 Kb6 60. Kd4 Rb4 61. Rf6+ Ka7 62. Kc5 Rxa4 63. Kb5 Ra1 64. c5 a4
65. Rf4 a3 66. Ra4+ Kb8 67. Kb4 a2 68. Kb3 Kc7 69. Kb2 1/2-1/2

[Event "Bundesliga 9697"]
[Site "Deutschland"]
[Date "1997.??.??"]
[Round "?.2"]
[White "Ftacnik, Lubomir"]
[Black "Arnold, Lothar"]
[Result "1-0"]
[WhiteElo "2595"]
[BlackElo "2375"]
[PlyCount "58"]
[EventDate "1996.10.??"]
[EventType "team"]
[EventRounds "15"]
[EventCountry "GER"]
[SourceTitle "Bundesliga 9697"]
[Source "DeepChess"]
[SourceDate "2005.01.01"]
[SourceVersion "1"]
[SourceVersionDate "2005.01.01"]
[SourceQuality "1"]
[WhiteTeam "Hamburger SK 1830 e.V."]
[BlackTeam "SC Eppingen e.V."]
[WhiteTeamCountry "GER"]
[BlackTeamCountry "GER"]

1. d4 d5 2. c4 dxc4 3. e4 Nf6 4. e5 Nd5 5. Bxc4 e6 6. Nf3 c5 7. O-O Nc6 8. Bg5
Be7 9. Bxe7 Qxe7 10. dxc5 Qxc5 11. Nbd2 O-O 12. Rc1 Qe7 13. Qe2 Nf4 14. Qe4 Ng6
15. h4 Rd8 16. Rfd1 h6 17. h5 Nf8 18. Qf4 Nb4 19. Ne4 Nd5 20. Bxd5 exd5 21.
Nf6+ Kh8 22. Nxd5 Qe8 23. Nc7 Ne6 24. Nxe8 Rxd1+ 25. Rxd1 Nxf4 26. Nc7 Rb8 27.
Rd8+ Kh7 28. Nd4 Nxg2 29. e6 fxe6 1-0

[Event "Bundesliga 9697"]
[Site "Deutschland"]
[Date "1997.??.??"]
[Round "?.3"]
[White "Miltner, Arndt"]
[Black "Mueller, Karsten"]
[Result "1/2-1/2"]
[WhiteElo "2375"]
[BlackElo "2500"]
[PlyCount "82"]
[EventDate "1996.10.??"]
[EventType "team"]
[EventRounds "15"]
[EventCountry "GER"]
[SourceTitle "Bundesliga 9697"]
[Source "DeepChess"]
[SourceDate "2005.01.01"]
[SourceVersion "1"]
[SourceVersionDate "2005.01.01"]
[SourceQuality "1"]
[WhiteTeam "SC Eppingen e.V."]
[BlackTeam "Hamburger SK 1830 e.V."]
[WhiteTeamCountry "GER"]
[BlackTeamCountry "GER"]

1. Nf3 e6 2. c4 d5 3. b3 Nf6 4. Bb2 Bd6 5. g3 O-O 6. Bg2 Nbd7 7. O-O c6 8. Nc3
a6 9. d3 e5 10. cxd5 cxd5 11. e4 d4 12. Ne2 Re8 13. h3 Nb8 14. Ne1 Nfd7 15. f4
f6 16. Nf3 Nc6 17. a3 a5 18. Bc1 Nc5 19. f5 Bd7 20. g4 Re7 21. Rb1 Be8 22. b4
axb4 23. axb4 Na4 24. b5 Qb6 25. Kh1 Bf7 26. Bd2 Nb8 27. g5 Rc7 28. Qe1 Nd7 29.
Rg1 Be7 30. g6 hxg6 31. fxg6 Bxg6 32. Nh4 Bh7 33. Bf3 Bf8 34. Nf5 Ndc5 35. Qh4
Nxd3 36. Bh5 Nc3 37. Bxc3 dxc3 38. Nh6+ Kh8 39. Nf7+ Kg8 40. Nh6+ Kh8 41. Nf7+
Kg8 1/2-1/2

[Event "Bundesliga 9697"]
[Site "Deutschland"]
[Date "1997.??.??"]
[Round "?.4"]
[White "Movsziszian, Karen"]
[Black "Mann, Christian"]
[Result "0-1"]
[WhiteElo "2490"]
[BlackElo "2440"]
[PlyCount "78"]
[EventDate "1996.10.??"]
[EventType "team"]
[EventRounds "15"]
[EventCountry "GER"]
[SourceTitle "Bundesliga 9697"]
[Source "DeepChess"]
[SourceDate "2005.01.01"]
[SourceVersion "1"]
[SourceVersionDate "2005.01.01"]
[SourceQuality "1"]
[WhiteTeam "Hamburger SK 1830 e.V."]
[BlackTeam "SC Eppingen e.V."]
[WhiteTeamCountry "GER"]
[BlackTeamCountry "GER"]

1. e4 e6 2. d3 d5 3. Nd2 Nf6 4. Ngf3 b6 5. g3 dxe4 6. dxe4 Bc5 7. Bb5+ c6 8.
Bd3 Nbd7 9. O-O e5 10. Nc4 Qc7 11. c3 a5 12. a4 O-O 13. Nh4 Rd8 14. Qf3 Bf8 15.
Nf5 Nc5 16. Bc2 Be6 17. Nxe5 Ncxe4 18. Ng4 Bd5 19. c4 Bxc4 20. Bf4 Qd7 21. Bxe4
Nxe4 22. Qxe4 Bd3 23. Nfh6+ gxh6 24. Nf6+ Kh8 25. Nxd7 Bxe4 26. Nxb6 Ra7 27.
Rfe1 f5 28. Rac1 Kg8 29. Nc4 Bg7 30. Be5 Rd5 31. Bxg7 Kxg7 32. Rc3 Rd4 33. Ne5
Rxa4 34. f3 Bd5 35. Nxc6 Rc7 36. Re7+ Rxe7 37. Nxe7 Be6 38. Nc6 Ra2 39. Nd4 Bd5
$138 0-1

[Event "Bundesliga 9697"]
[Site "Deutschland"]
[Date "1997.02.02"]
[Round "?.5"]
[White "Donev, Ivo Hristov"]
[Black "Michaelsen, Nils"]
[Result "1-0"]
[WhiteElo "2420"]
[BlackElo "2440"]
[PlyCount "207"]
[EventDate "1996.10.??"]
[EventType "team"]
[EventRounds "15"]
[EventCountry "GER"]
[SourceTitle "Bundesliga 9697"]
[Source "DeepChess"]
[SourceDate "2005.01.01"]
[SourceVersion "1"]
[SourceVersionDate "2005.01.01"]
[SourceQuality "1"]
[WhiteTeam "SC Eppingen e.V."]
[BlackTeam "Hamburger SK 1830 e.V."]
[WhiteTeamCountry "GER"]
[BlackTeamCountry "GER"]

1. e4 c5 2. Nc3 Nc6 3. g3 g6 4. Bg2 Bg7 5. d3 d6 6. f4 Rb8 7. Nf3 b5 8. O-O b4
9. Nd5 e6 10. Ne3 Nge7 11. a3 a5 12. axb4 axb4 13. f5 exf5 14. exf5 Nxf5 15.
Nxf5 Bxf5 16. Re1+ Be6 17. Ng5 Ne5 18. Nxe6 fxe6 19. Rxe5 dxe5 20. Bc6+ Kf8 21.
Qf3+ Qf6 22. Qe4 Kg8 23. Be3 Qe7 24. Ra5 h5 25. Bxc5 Qd8 26. Ra7 Kh7 27. Qxe5
Rg8 28. Be4 Kh8 29. Bxg6 Qd5 30. Qxd5 exd5 31. Kg2 h4 32. Bd4 Rbc8 33. c3 bxc3
34. bxc3 hxg3 35. hxg3 Rc6 36. Bf5 Rh6 37. Be3 Rh5 38. Bg6 Re5 39. Bf4 Re2+ 40.
Kf3 Rc2 41. Rd7 Rf8 42. Rxd5 Bxc3 43. d4 Rh2 44. Ke4 Kg7 45. Bf5 Rf7 46. Be5+
Kf8 47. g4 Rh1 48. Rd8+ Ke7 49. Rb8 Ra1 50. Kd3 Ba5 51. Kc2 Rf1 52. Rb5 Bd8 53.
Bg3 Rh1 54. Bf4 Rg1 55. Bg5+ Ke8 56. Bg6 Rxg4 57. Bxf7+ Kxf7 58. Bxd8 Rxd4 59.
Bb6 Rd7 60. Kc3 Ke6 61. Bd4 Rd5 62. Rb8 Rh5 63. Rb6+ Kf5 64. Kd3 Rh3+ 65. Be3
Rh4 66. Rb5+ Ke6 67. Bd4 Rh1 68. Kc4 Rc1+ 69. Bc3 Rd1 70. Re5+ Kd6 71. Re4 Rc1
72. Re2 Kd7 73. Kd4 Rd1+ 74. Kc5 Rc1 75. Re3 Rh1 76. Kd5 Rh5+ 77. Be5 Rh1 78.
Ra3 Rd1+ 79. Bd4 Rc1 80. Ra2 Rd1 81. Ra7+ Ke8 82. Ke5 Re1+ 83. Kf6 Kd8 84. Be5
Rc1 85. Ke6 Kc8 86. Bd6 Rc2 87. Kd5 Kd8 88. Be5 Kc8 89. Bf4 Rc3 90. Bd6 Rc2 91.
Bc5 Kd8 92. Kc6 Ke8 93. Re7+ Kd8 94. Rf7 Re2 95. Rf1 Re6+ 96. Bd6 Re2 97. Rf8+
Re8 98. Rf7 Re2 99. Bb4 Re6+ 100. Bd6 Re2 101. Rf1 Re3 102. Ra1 Rc3+ 103. Bc5
Ke8 104. Rf1 1-0

[Event "Bundesliga 9697"]
[Site "Deutschland"]
[Date "1997.??.??"]
[Round "?.6"]
[White "Loeffler, Stefan"]
[Black "Bosbach, Gerhard"]
[Result "1-0"]
[WhiteElo "2410"]
[BlackElo "2265"]
[PlyCount "87"]
[EventDate "1996.10.??"]
[EventType "team"]
[EventRounds "15"]
[EventCountry "GER"]
[SourceTitle "Bundesliga 9697"]
[Source "DeepChess"]
[SourceDate "2005.01.01"]
[SourceVersion "1"]
[SourceVersionDate "2005.01.01"]
[SourceQuality "1"]
[WhiteTeam "Hamburger SK 1830 e.V."]
[BlackTeam "SC Eppingen e.V."]
[WhiteTeamCountry "GER"]
[BlackTeamCountry "GER"]

1. Nf3 c5 2. g3 Nc6 3. Bg2 g6 4. c3 Bg7 5. d4 cxd4 6. cxd4 d5 7. O-O Nf6 8. Ne5
O-O 9. Nc3 e6 10. Nxc6 bxc6 11. b3 Nd7 12. Bb2 Ba6 13. Rc1 Re8 14. Qd2 Rc8 15.
Rfd1 Bf8 16. e4 h5 17. Rc2 Kh7 18. Na4 Be7 19. Nc5 Nxc5 20. dxc5 Bg5 21. Qc3
Rg8 22. f4 Bh6 23. Qb4 Bg7 24. Qa5 Bb5 25. Qxa7 Bxb2 26. Rxb2 Qf6 27. Rf2 Ra8
28. Qc7 Ra3 29. f5 exf5 30. exd5 cxd5 31. Qd6 Qxd6 32. cxd6 Rd8 33. Rxd5 Bc6
34. Rd4 Bxg2 35. Kxg2 Kg7 36. Rfd2 Kf6 37. b4 Ke6 38. b5 Kd7 39. Rc4 Rc8 40.
Rxc8 Kxc8 41. b6 Ra8 42. a4 Kd7 43. b7 Rb8 44. Rb2 1-0